Kasa (ca từ) Hàn Quốc và những tác gia tiêu biểu /
Na minha lista:
| Autor principal: | |
|---|---|
| Formato: | Atigo |
| Idioma: | Vietnamese |
| Assuntos: | |
| Tags: |
Adicionar Tag
Sem tags, seja o primeiro a adicionar uma tag!
|
| Thư viện lưu trữ: | Thư viện Trường Đại học Đà Lạt |
|---|
| LEADER | 00795nam a2200289 4500 | ||
|---|---|---|---|
| 001 | DLU150170813 | ||
| 005 | ##20150908 | ||
| 040 | # | # | |a DLU |b vie |
| 041 | # | # | |a vie |
| 044 | # | # | |a vn |
| 100 | # | # | |a Lý Xuân Chung |
| 245 | # | # | |a Kasa (ca từ) Hàn Quốc và những tác gia tiêu biểu / |c Lý Xuân Chung |
| 653 | # | # | |a Ca từ |
| 653 | # | # | |a Jeong Cheol |
| 653 | # | # | |a Jeong Keuk-in |
| 653 | # | # | |a Kasa |
| 653 | # | # | |a Park In-Noh |
| 773 | # | # | |t Nghiên cứu Đông Bắc Á |g Số 10(164), 2014, tr. 62-69 |
| 920 | # | # | |a Phòng Tạp chí -- Trung tâm Thông tin - Thư viện Trường Đại học Đà Lạt |
| 994 | # | # | |a DLU |
| 900 | # | # | |a True |
| 911 | # | # | |a Nguyễn Thị Tưởng |
| 925 | # | # | |a G |
| 926 | # | # | |a A |
| 927 | # | # | |a BB |
| 980 | # | # | |a Thư viện Trường Đại học Đà Lạt |